00354 2200157 4500001002100000005001500021035002000036245004600056100002300102250000600125300001100131260002000142082000800162084001400170990001200184INLIS00000000000242520250604095912 a0010-06250000111 aManisan Buah-Buahan /cN. Edy Sutanto, BE0 aN. Edy Sutanto, BE a1 a68 hlm bKanisius,c2003 a600 a600 N. m a0712281